| 000 | 00751nam a22002777a 4500 | ||
|---|---|---|---|
| 005 | 20181113094412.0 | ||
| 008 | 181113b xxu||||| |||| 00| 0 spa d | ||
| 020 | _a9788428338189 | ||
| 041 | _aspa | ||
| 082 | _a3.15 V176a | ||
| 100 |
_aValladares Vela, Mario _950570 |
||
| 245 | _aAplicación de sistemas informáticos en bar y cafetería UF0257 | ||
| 260 | _aEspaña | ||
| 260 | _bParaninfo | ||
| 260 | _c2017 | ||
| 300 | _a60 páginas | ||
| 650 |
_aINFORMÁTICA _9945 |
||
| 650 |
_aSISTEMAS INFORMÁTICOS _921652 |
||
| 650 |
_aBAR _91702 |
||
| 650 |
_aCAFETERÍA _920814 |
||
| 650 |
_aINTERNET _950571 |
||
| 650 |
_aBASES DE DATOS _9907 |
||
| 650 |
_aHOJAS DE CÁLCULO _92880 |
||
| 650 |
_aCORREO ELECTRÓNICO _950572 |
||
| 942 | _cBK | ||
| 999 |
_c11309 _d11309 |
||